| 000 | 01239nam a22002657a 4500 | ||
|---|---|---|---|
| 005 | 20170124103124.0 | ||
| 010 | _aB-033918 | ||
| 020 |
_c300.00 _a8187368233 |
||
| 035 | _aB-033918 | ||
| 037 | _bCen Lib/Ret | ||
| 040 |
_aDPL _bHN |
||
| 082 |
_a808.1 _bकालेम |
||
| 100 |
_aकाले, मनोहर _982582 |
||
| 245 |
_aभारतीय काव्यशास्त्र के नए आयाम : _cमनोहर काले _bप्रथम भाग : रस सिद्धांत / |
||
| 246 |
_aBhartiya kavya shastra ke nae aayam : pratham bhag : raas siddahnt _bby Manohar Kaale |
||
| 260 |
_aनई दिल्ली _bनमन प्रकाशन _c2000 |
||
| 270 |
_a4378/4B, अंसारी रोड दरिया गंज _bनई दिल्ली _e110002 |
||
| 300 |
_avi,246पृष्ठ. _c20सेमी(सजिल्द) |
||
| 500 | _aसन्दर्भ ग्रन्थ सूची शामिल | ||
| 650 |
_aहिंदी साहित्य _982583 |
||
| 650 |
_aरस के अवयव _982584 |
||
| 650 |
_aHindi literature _982585 |
||
| 650 |
_aJuice Components _982586 |
||
| 942 |
_2ddc _cHN _h808.1 _mकालेम |
||
| 999 |
_c118934 _d118934 |
||